| 000 | 00654nam a2200229 u 4500 | ||
|---|---|---|---|
| 005 | 20240213063904.0 | ||
| 008 | 171012s2006 es r 000 0 spa d | ||
| 020 | _a8424187644 | ||
| 035 | _aUPN01000220910 | ||
| 049 | _aI | ||
| 050 | 4 |
_aPN6101 _bC7.2 |
|
| 100 | 1 |
_aCruz-Contarini, Rafael, _d1960- _932493 |
|
| 245 | 1 | 0 |
_aEn familia / _cRafael Cruz-Cotarini ; il. Maribel Suárez. |
| 260 |
_aLeón, Esp. : _bEverest, _c2006. |
||
| 300 |
_a[23] p. : _bil. col. |
||
| 440 | 0 | _aPequeño mundo | |
| 650 | 7 |
_aPoesía infantil _2 _91259 |
|
| 650 | 4 |
_aFamilias _xConducta de vida _99121 |
|
| 905 | _aInfantil | ||
| 999 |
_c193009 _d193009 |
||